[Event "Moscow Open A 2015"]
[Site "Moscow RUS"]
[Date "2015.02.05"]
[Round "6.75"]
[White "Kholopov, Alexander A."]
[Black "Bikuzhin, Maksim"]
[Result "1-0"]
[WhiteTitle "FM"]
[WhiteElo "2334"]
[BlackElo "2241"]
[WhiteFideId "4148100"]
[BlackFideId "24128015"]
[EventDate "2015.01.31"]

1. d4 Nf6 2. c4 e6 3. Nc3 Bb4 4. Qc2 O-O 5. a3 Bxc3+ 6. Qxc3 h6 7. g3 d5 8. Bg2
Nc6 9. Nf3 a5 10. b3 Bd7 11. O-O a4 12. b4 dxc4 13. Qxc4 Na7 14. Re1 Bc6 15. Qc2
Be4 16. Qxa4 Nc6 17. Qb3 Qd5 18. Qxd5 Nxd5 19. Bb2 Nb6 20. Rac1 Na4 21. Ba1 Na7
22. Bf1 Nb5 23. Nd2 Bc6 24. Nc4 Nb6 25. Na5 Nxa3 26. Nxc6 bxc6 27. e4 Ra4 28.
Rxc6 Rxb4 29. Rxc7 Nac4 30. Rc1 Nd6 31. f3 Ra8 32. R7c6 Ne8 33. Bc3 Rb3 34. d5
exd5 35. Bd4 Nc4 36. exd5 Ncd6 37. Be5 Rd8 38. Kf2 Ra3 39. g4 Ra5 40. R6c5 Ra7
41. h4 Re7 42. Bf4 Kf8 43. Bd2 Rb8 44. R1c2 Ra7 45. Rc6 Kg8 46. Bf4 Rd8 47. Bd3
Ra5 48. Bxd6 Rxd5 49. Be7 Rxd3 50. Bxd8 Rxd8 51. Rc8 Rxc8 52. Rxc8 Kf8 53. Ke3
Ke7 54. Ra8 Nf6 55. Kd4 g6 56. Ra6 Nd7 57. h5 gxh5 58. gxh5 Nf6 59. Ke5 Nxh5 60.
Rxh6 Ng7 61. f4 Ne8 62. Ra6 f6+ 63. Kf5 Ng7+ 64. Kg6 Ne6 65. Ra7+ 1-0

[Event "Moscow Open A 2015"]
[Site "Moscow RUS"]
[Date "2015.02.05"]
[Round "6.76"]
[White "Vdovin, Vadim"]
[Black "Parvanyan, Ashot"]
[Result "1-0"]
[WhiteTitle "FM"]
[WhiteElo "2377"]
[BlackElo "2053"]
[WhiteFideId "24107158"]
[BlackFideId "13307550"]
[EventDate "2015.01.31"]

1. e4 e6 2. d4 d5 3. Nd2 c5 4. Ngf3 cxd4 5. Nxd4 Nc6 6. Bb5 Bd7 7. Nxc6 Bxc6 8.
Qe2 Nf6 9. O-O Be7 10. e5 Nd7 11. Nf3 O-O 12. Bd3 Nc5 13. Nd4 Nxd3 14. Qxd3 Bc5
15. Be3 Qb6 16. a4 a5 17. c3 Bxd4 18. Bxd4 Qb3 19. Ra3 Qc4 20. Qc2 Bd7 21. b3
Qc6 22. f4 b5 23. axb5 Qxb5 24. Rfa1 Rfc8 25. Qd1 h6 26. g4 Ra6 27. g5 hxg5 28.
fxg5 Rca8 29. Qf3 g6 30. h4 a4 31. b4 Be8 32. R1a2 Qc4 33. Rf2 Rc8 34. h5 gxh5
35. Rh2 Bb5 36. Ra1 Qd3 37. Qxh5 Kg7 38. Qh6+ 1-0

[Event "Moscow Open A 2015"]
[Site "Moscow RUS"]
[Date "2015.02.05"]
[Round "6.78"]
[White "Glukhov, Alexander"]
[Black "Sadykov, Ramil"]
[Result "1-0"]
[BlackTitle "FM"]
[WhiteElo "2296"]
[BlackElo "2403"]
[WhiteFideId "4178882"]
[BlackFideId "24113590"]
[EventDate "2015.01.31"]

1. d4 e6 2. c4 Nf6 3. Nc3 d5 4. Nf3 c6 5. e3 a6 6. c5 b6 7. cxb6 Qxb6 8. Bd3
Nbd7 9. O-O c5 10. Na4 Qa7 11. Bd2 Bb7 12. Rc1 Rc8 13. dxc5 Nxc5 14. Nxc5 Bxc5
15. b4 Bd6 16. Qa4+ Ke7 17. b5 Nd7 18. bxa6 Ba8 19. Qh4+ Nf6 20. Bc3 Qb8 21. Bd4
Rxc1 22. Rxc1 Rc8 23. Rxc8 Qxc8 24. Bxf6+ gxf6 25. Qxh7 Qc1+ 26. Bf1 Bc6 27. Nd4
Bd7 28. Qd3 1-0

[Event "Moscow Open A 2015"]
[Site "Moscow RUS"]
[Date "2015.02.05"]
[Round "6.79"]
[White "Igonin, Temur"]
[Black "Mu, Ke"]
[Result "1-0"]
[WhiteTitle "FM"]
[WhiteElo "2274"]
[BlackElo "2401"]
[WhiteFideId "14203049"]
[BlackFideId "8602778"]
[EventDate "2015.01.31"]

1. e4 e6 2. d4 d5 3. Nd2 Nc6 4. Ngf3 Nf6 5. e5 Nd7 6. Be2 f6 7. exf6 Qxf6 8. Nf1
Bd6 9. Ne3 O-O 10. O-O Qf7 11. c4 Nf6 12. c5 Bf4 13. Re1 Bd7 14. Nf1 Ne4 15. Bd3
Bxc1 16. Rxc1 Qf4 17. Qe2 Ng5 18. Nxg5 Qxg5 19. Qe3 Qxe3 20. fxe3 e5 21. Bb5
Rae8 22. Bxc6 Bxc6 23. Nd2 Bb5 24. Nf3 e4 25. Ne5 Re6 26. b3 a5 27. a4 Ba6 28.
c6 b6 29. h3 h5 30. g3 Rf5 31. g4 hxg4 32. hxg4 Rf8 33. Rb1 Rh6 34. b4 axb4 35.
Rxb4 Rhf6 36. a5 bxa5 37. Ra4 Bb5 38. Rxa5 Bxc6 39. Rc1 Be8 40. Rxc7 Rf1+ 41.
Kg2 R8f2+ 42. Kg3 Rf6 43. Kh4 Bf7 44. Ra8+ Kh7 45. Kg5 g6 46. Rd8 Kg7 47. Rxd5
R1f3 48. Rdd7 1-0

[Event "Moscow Open A 2015"]
[Site "Moscow RUS"]
[Date "2015.02.05"]
[Round "6.80"]
[White "Naghdiyev, Niyazi"]
[Black "Akhmetov, Ayan"]
[Result "1/2-1/2"]
[BlackTitle "IM"]
[WhiteElo "2266"]
[BlackElo "2376"]
[WhiteFideId "13405519"]
[BlackFideId "13703706"]
[EventDate "2015.01.31"]

1. d4 Nf6 2. c4 e6 3. Nf3 Bb4+ 4. Bd2 a5 5. a3 Bxd2+ 6. Qxd2 O-O 7. Nc3 d5 8. e3
Nc6 9. Be2 b6 10. O-O Bb7 11. Rfd1 dxc4 12. Bxc4 Ne7 13. Ne5 Rc8 14. Qe2 Ned5
15. Rac1 Qe7 16. Nxd5 exd5 17. Ba6 c5 18. Bxb7 Qxb7 19. dxc5 bxc5 20. Nd3 Qb6
21. Nf4 Rfd8 22. Qc2 h6 23. h3 Qb7 24. Rd3 c4 25. Rd4 Rb8 26. Rcd1 Qxb2 27. Rxc4
g5 28. Nd3 Qxa3 29. Ra4 Qd6 30. Rxa5 Ne4 31. Ne1 Qb4 32. Ra4 Qc3 33. Rad4 Rb2
34. Qd3 Rc8 35. f3 Ng3 36. Rxd5 Ne2+ 37. Kh2 Qc7+ 38. f4 gxf4 39. Rd8+ Qxd8 40.
Qxd8+ Rxd8 41. Rxd8+ Kg7 42. exf4 Nxf4 43. Rd4 Ne6 44. Rg4+ Kf6 45. Rg3 Ra2 1/2-1/2

[Event "Moscow Open A 2015"]
[Site "Moscow RUS"]
[Date "2015.02.05"]
[Round "6.81"]
[White "Kanter, Eduard"]
[Black "Bulavin, Alexander"]
[Result "1/2-1/2"]
[WhiteTitle "IM"]
[WhiteElo "2369"]
[BlackElo "2221"]
[WhiteFideId "4103963"]
[BlackFideId "4178033"]
[EventDate "2015.01.31"]

1. d4 Nf6 2. c4 d6 3. Nf3 Bg4 4. Qb3 Bxf3 5. Qxf3 c6 6. Nc3 d5 7. e3 e6 8. Bd3
g6 9. O-O Bg7 10. b4 a6 11. a4 O-O 12. Ba3 Nbd7 13. b5 Re8 14. bxc6 bxc6 15.
Rab1 Rb8 16. cxd5 cxd5 17. Bb4 Bf8 18. Bxf8 Rxf8 19. Rxb8 Nxb8 20. Rb1 Qa5 21.
Rb3 Nbd7 22. Qe2 Rb8 23. Qb2 Rxb3 24. Qxb3 Nb6 25. h3 Kg7 26. g4 Ne8 27. Qa3 Nd7
28. Ne2 Nc7 29. Kg2 Nb6 30. Qc3 Qxc3 31. Nxc3 a5 32. f4 h6 33. h4 Ne8 34. Bb5
Nd6 35. Bc6 Kf6 36. Kf3 Ke7 37. e4 dxe4+ 38. Nxe4 Nxe4 39. Kxe4 Kd6 40. Be8 Ke7
41. Bb5 Nd5 42. g5 hxg5 43. fxg5 Nc3+ 44. Kd3 Nxb5 1/2-1/2

[Event "Moscow Open A 2015"]
[Site "Moscow RUS"]
[Date "2015.02.05"]
[Round "6.82"]
[White "Aliyev, Rasim"]
[Black "Fakhrutdinov, Timur"]
[Result "1/2-1/2"]
[BlackTitle "FM"]
[WhiteElo "2257"]
[BlackElo "2352"]
[WhiteFideId "13401084"]
[BlackFideId "24176702"]
[EventDate "2015.01.31"]

1. e4 c5 2. c3 d5 3. exd5 Qxd5 4. d4 Nf6 5. Nf3 Bg4 6. Be2 e6 7. O-O Nc6 8. h3
Bh5 9. Be3 cxd4 10. cxd4 Be7 11. Nc3 Qd6 12. Qb3 O-O 13. Rfd1 Rfd8 14. Rac1 Qb4
15. g4 Bg6 16. Ne5 Qxb3 17. axb3 Nb4 18. Bf3 Bc2 19. Rd2 Bxb3 20. Bxb7 Rab8 21.
Bf3 Rbc8 22. Ra1 a6 23. Nd3 Bc4 24. Nc5 Nfd5 25. Nxd5 Nxd5 26. Bxd5 Rxd5 27. b3
Bb5 28. Nxa6 e5 29. Raa2 exd4 30. Rxd4 Rc1+ 31. Kg2 Rxd4 32. Bxd4 h6 33. b4 Bc4
34. Ra5 Rd1 35. Be3 Bd5+ 36. f3 Rd3 37. Nc7 Bxb4 38. Rxd5 Rxe3 39. Rd8+ Kh7 40.
Nd5 Re2+ 41. Kf1 Rd2 42. Rd7 Ba5 43. f4 Kh8 1/2-1/2

[Event "Moscow Open A 2015"]
[Site "Moscow RUS"]
[Date "2015.02.05"]
[Round "6.83"]
[White "Torosyan, Norayr"]
[Black "Dzhaumutbaev, Erzhan"]
[Result "1-0"]
[WhiteElo "2349"]
[BlackElo "2190"]
[WhiteFideId "13300431"]
[BlackFideId "4191110"]
[EventDate "2015.01.31"]

1. e4 e5 2. Nf3 Nc6 3. Bb5 a6 4. Ba4 Nf6 5. O-O Be7 6. Re1 b5 7. Bb3 d6 8. c3
O-O 9. h3 Re8 10. d4 Bb7 11. Nbd2 Bf8 12. d5 Nb8 13. Nf1 Qc8 14. Ng3 Nbd7 15. a3
c6 16. dxc6 Qxc6 17. Ng5 d5 18. Qf3 Nb6 19. Nh5 Rad8 20. Qf5 Be7 21. Nxf6+ Bxf6
22. Qxh7+ Kf8 23. Qh5 Rd7 24. Nh7+ Kg8 25. Nxf6+ Qxf6 26. Bg5 Qc6 27. exd5 Nxd5
28. f3 Qc5+ 29. Kh1 Qf2 30. Rac1 Re6 31. Bc2 g6 32. Qh6 Nf4 33. Bxf4 Bxf3 34.
Qg5 exf4 35. Rxe6 fxe6 36. Qxg6+ Kf8 37. Qf6+ Rf7 38. Qd8+ Kg7 39. Qg5+ Kf8 40.
gxf3 Rg7 41. Qf6+ Kg8 42. Qxe6+ Kf8 43. Qf6+ Kg8 44. Qd8+ Kf7 45. Bb3+ Kg6 46.
Rg1+ Kh7 47. Rxg7+ Kxg7 48. Qd4+ 1-0

[Event "Moscow Open A 2015"]
[Site "Moscow RUS"]
[Date "2015.02.05"]
[Round "6.84"]
[White "Tenikashvili, Georgij"]
[Black "Bykov, Oleg"]
[Result "0-1"]
[WhiteTitle "FM"]
[WhiteElo "2348"]
[BlackElo "2186"]
[WhiteFideId "4134605"]
[BlackFideId "24198978"]
[EventDate "2015.01.31"]

1. d4 Nf6 2. c4 g6 3. Nc3 Bg7 4. Bg5 h6 5. Bh4 O-O 6. Nf3 c5 7. e3 b6 8. Bd3 Bb7
9. O-O cxd4 10. Nxd4 Nc6 11. Rc1 Nxd4 12. exd4 d5 13. c5 Ne4 14. Ne2 g5 15. Bg3
f5 16. c6 Bc8 17. Be5 Bxe5 18. dxe5 Qc7 19. Bxe4 dxe4 20. Qd5+ e6 21. Qd6 Qf7
22. Rfd1 Ba6 23. Nd4 Rfe8 24. c7 Rac8 25. b4 Bd3 26. Rc6 Re7 27. Qd8+ Re8 28.
Qd6 Re7 29. Rdc1 Ba6 30. Nxe6 Rd7 31. Nxg5 Rxd6 32. Nxf7 Rxc6 33. Rxc6 Kxf7 34.
Rxh6 Ke7 35. h4 Rxc7 36. Rh7+ Kd8 37. Rxc7 Kxc7 38. h5 Bc4 39. h6 Bg8 40. f3 Kd7
41. g4 f4 42. fxe4 Ke6 43. g5 Bh7 44. Kg2 Kxe5 45. Kf3 Bxe4+ 46. Kg4 Bg6 47. a4
Ke4 0-1

[Event "Moscow Open A 2015"]
[Site "Moscow RUS"]
[Date "2015.02.05"]
[Round "6.85"]
[White "Yanchenko, Roman"]
[Black "Danielyan, Vahe"]
[Result "0-1"]
[WhiteTitle "FM"]
[WhiteElo "2345"]
[BlackElo "2140"]
[WhiteFideId "4137329"]
[BlackFideId "13304828"]
[EventDate "2015.01.31"]

1. d4 Nf6 2. c4 g6 3. Nc3 Bg7 4. Nf3 O-O 5. Bg5 c5 6. Qd2 cxd4 7. Nxd4 Nc6 8. e3
Nxd4 9. exd4 d5 10. Bxf6 exf6 11. cxd5 f5 12. Be2 a6 13. O-O Qd6 14. a4 Bd7 15.
a5 Qb4 16. Rfd1 Rfe8 17. Bf3 Rac8 18. d6 Qxd6 19. Bxb7 Rb8 20. Bf3 Rb4 21. d5
Reb8 22. Ra2 Be5 23. g3 h5 24. Re1 h4 25. Kg2 Kg7 26. Ne2 Qf6 27. d6 Rb3 28. Ng1
g5 29. Rxe5 g4 30. Re3 gxf3+ 31. Nxf3 f4 32. Rxb3 Rxb3 33. Ra3 h3+ 34. Kg1 Rxb2
35. Qc1 Bf5 36. Ra1 Be4 37. d7 fxg3 38. d8=Q gxh2+ 39. Kxh2 Rxf2+ 40. Kg1 h2+ 0-1

[Event "Moscow Open A 2015"]
[Site "Moscow RUS"]
[Date "2015.02.05"]
[Round "6.86"]
[White "Shapiro, David"]
[Black "Demianjuk, Alexander"]
[Result "0-1"]
[WhiteTitle "FM"]
[WhiteElo "2252"]
[BlackElo "2327"]
[WhiteFideId "24133523"]
[BlackFideId "4134249"]
[EventDate "2015.01.31"]

1. d4 Nf6 2. Nf3 g6 3. g3 Bg7 4. Bg2 O-O 5. O-O d5 6. c4 c6 7. cxd5 cxd5 8. Ne5
Nc6 9. Nc3 e6 10. Nxc6 bxc6 11. b4 Ba6 12. Re1 Bc4 13. e3 a5 14. Ba3 Re8 15. Bf1
Bf8 16. Rb1 axb4 17. Bxb4 Bxa2 18. Nxa2 Rxa2 19. Bxf8 Rxf8 20. Re2 Rxe2 21. Bxe2
Qd6 22. Rc1 Rc8 23. Qb3 Kg7 24. Qb6 Ng8 25. Ba6 Rc7 26. Qb8 Ne7 27. Rb1 Rd7 28.
Qxd6 Rxd6 29. Rb7 Kf6 30. g4 g5 31. h4 h6 32. hxg5+ hxg5 33. f4 gxf4 34. g5+
Kxg5 35. Rxe7 fxe3 36. Bd3 f6 37. Kf1 c5 38. dxc5 Rc6 39. Ke2 Kf4 40. Re8 e5 41.
Rh8 e4 42. Bb1 f5 43. Rh4+ Ke5 44. Rh8 f4 45. Re8+ Kf5 46. Rh8 Rxc5 47. Rh5+ Kg4
48. Re5 Rb5 49. Re8 Rb2+ 0-1

[Event "Moscow Open A 2015"]
[Site "Moscow RUS"]
[Date "2015.02.05"]
[Round "6.87"]
[White "Kovalev, Egor"]
[Black "Mischuk, Dmitry"]
[Result "0-1"]
[BlackTitle "IM"]
[WhiteElo "2249"]
[BlackElo "2323"]
[WhiteFideId "24124117"]
[BlackFideId "14118734"]
[EventDate "2015.01.31"]

1. Nf3 Nf6 2. d4 d5 3. c4 c6 4. g3 dxc4 5. Bg2 g6 6. O-O Bg7 7. a4 O-O 8. Na3
Be6 9. Ng5 Bd5 10. e4 h6 11. exd5 hxg5 12. dxc6 Nxc6 13. Bxg5 Nh7 14. Be3 Nxd4
15. Nxc4 Rc8 16. Rc1 Qd7 17. Kh1 Rfd8 18. Na5 Rxc1 19. Qxc1 Rc8 20. Qd1 b6 21.
Nb3 e5 22. Nc1 Rd8 23. Bxd4 Qxd4 24. Qxd4 Rxd4 25. b3 f5 26. Bf3 Bh6 27. Be2 e4
28. Na2 Rd2 29. Nc3 Nf6 30. h3 Bf8 31. Rd1 Rc2 32. Bc4+ Kg7 33. Ne2 Bc5 34. Kg2
g5 35. Kg1 Kg6 36. Rd8 a5 37. Kf1 Rb2 38. Kg1 Nh5 39. Rg8+ Kf6 40. Rh8 f4 41.
Rh6+ Kg7 42. Rxh5 Kg6 43. Rh8 f3 44. Rg8+ Kh7 45. Nc3 Bxf2+ 46. Kf1 Bd4 47. Rd8
Bxc3 48. Bd5 e3 0-1

[Event "Moscow Open A 2015"]
[Site "Moscow RUS"]
[Date "2015.02.05"]
[Round "6.88"]
[White "Ivlev, Aleksey"]
[Black "Rozhkov, Viacheslav"]
[Result "1/2-1/2"]
[BlackTitle "FM"]
[WhiteElo "2231"]
[BlackElo "2314"]
[WhiteFideId "24185949"]
[BlackFideId "4181484"]
[EventDate "2015.01.31"]

1. Nf3 d5 2. g3 Nf6 3. Bg2 e6 4. O-O Be7 5. c4 O-O 6. d4 dxc4 7. Na3 Bd7 8. Nxc4
Bc6 9. Bf4 Nbd7 10. Rc1 Rc8 11. a3 Bd5 12. b4 h6 13. Qd3 b6 14. Rfd1 Be4 15. Qb3
Nd5 16. Bd2 c5 17. dxc5 bxc5 18. b5 Qc7 19. Ne1 Bxg2 20. Nxg2 N7b6 21. Nge3 Rfd8
22. a4 Rb8 23. Na5 Nxe3 24. Bxe3 Nd5 25. Bd2 a6 26. Qc4 axb5 27. axb5 Rb6 28.
Nc6 Rxc6 29. bxc6 Qxc6 30. Bc3 Rc8 31. Ba1 Nb6 32. Qg4 Bf8 33. Rc2 c4 34. Rcd2
c3 35. Rc2 Nd5 36. e4 Nf6 37. Qe2 Nxe4 38. f3 Bc5+ 39. Kg2 Nf6 40. Rxc3 Nd5 41.
Rcd3 Qb6 42. Kh1 Ra8 43. Qb2 Qxb2 44. Bxb2 Ra2 45. Rb3 Ra7 46. Rc1 Be7 47. h4
Bf6 48. Bxf6 gxf6 49. Kg2 f5 50. Rc4 Kg7 51. f4 Ra2+ 52. Kh3 Nf6 53. Rcb4 Ne4
54. Rb2 Ra3 55. R4b3 Ra1 56. Kh2 Kg6 57. Rb7 Ra3 58. Re2 h5 59. Rb8 Kg7 60. Rc8
Rd3 61. Rc7 Kg6 1/2-1/2

[Event "Moscow Open A 2015"]
[Site "Moscow RUS"]
[Date "2015.02.05"]
[Round "6.89"]
[White "Popov, Kirill"]
[Black "Velichko, Arseny"]
[Result "1-0"]
[WhiteTitle "FM"]
[WhiteElo "2313"]
[BlackElo "2118"]
[WhiteFideId "24157457"]
[BlackFideId "24179752"]
[EventDate "2015.01.31"]

1. e4 e6 2. d4 d5 3. Nc3 Bb4 4. e5 c5 5. a3 Bxc3+ 6. bxc3 Ne7 7. Qg4 cxd4 8.
Qxg7 Rg8 9. Qxh7 Qc7 10. Ne2 Nbc6 11. f4 dxc3 12. h4 Bd7 13. h5 O-O-O 14. Qd3
Nf5 15. Rb1 d4 16. Rg1 Qa5 17. g4 Nh4 18. Kf2 Qd5 19. a4 a6 20. Ng3 Qa2 21. Rb3
Na5 22. Rb4 Bxa4 23. Rxd4 Rxd4 24. Qxd4 Qxc2+ 25. Ne2 Bb5 26. Rg3 Nc6 27. Qxc3
Qe4 28. Qe3 Qc2 29. Ba3 Kb8 30. Bc5 Qd1 31. Rg1 Qc2 32. Rg3 Rg7 33. Bd6+ Ka8 1-0

[Event "Moscow Open A 2015"]
[Site "Moscow RUS"]
[Date "2015.02.05"]
[Round "6.90"]
[White "Payanidi, Janis"]
[Black "Rjabzev, Konstantin"]
[Result "1/2-1/2"]
[BlackTitle "IM"]
[WhiteElo "2167"]
[BlackElo "2312"]
[WhiteFideId "24128490"]
[BlackFideId "4150015"]
[EventDate "2015.01.31"]

1. e4 e5 2. Nf3 d6 3. d4 exd4 4. Nxd4 Nf6 5. Nc3 Be7 6. Bc4 O-O 7. O-O c6 8. a4
Nxe4 9. Nxe4 d5 10. Bd3 dxe4 11. Bxe4 Bf6 12. Be3 Re8 13. Bf3 Nd7 14. c3 Ne5 15.
Be2 Qd5 16. Re1 Bd7 17. Nf3 Be6 18. Nxe5 Qxe5 19. Bd4 Qg5 20. Bxf6 Qxf6 21. Bf3
Red8 22. Qc2 Rd6 23. Rad1 Rad8 24. Rxd6 Rxd6 25. Rd1 Qd8 26. Rxd6 Qxd6 27. Qd1
Qxd1+ 28. Bxd1 a5 29. b4 b6 30. bxa5 bxa5 31. f4 Kf8 32. Kf2 Ke7 33. Ke3 Kd6 34.
Kd4 f6 35. g3 Bd5 36. Bc2 c5+ 37. Ke3 h6 38. Bd1 Ba2 39. Bh5 Be6 40. Bd1 Bf5 41.
Bb3 Bb1 42. Bd1 Ba2 43. Bh5 Bb3 44. Be8 Bc2 45. Kd2 Bf5 46. Ke3 Bc2 1/2-1/2

[Event "Moscow Open A 2015"]
[Site "Moscow RUS"]
[Date "2015.02.05"]
[Round "6.91"]
[White "Kalinin, Nikita"]
[Black "Schekachikhin, Maksim"]
[Result "1-0"]
[BlackTitle "FM"]
[WhiteElo "2139"]
[BlackElo "2306"]
[WhiteFideId "24155390"]
[BlackFideId "24177830"]
[EventDate "2015.01.31"]

1. b3 c5 2. Bb2 Nc6 3. e3 d6 4. f4 Nf6 5. Nf3 g6 6. Bb5 Bg7 7. O-O O-O 8. a4 Bd7
9. Na3 a6 10. Be2 Rc8 11. Nc4 Na5 12. Nxa5 Qxa5 13. Bc3 Qc7 14. a5 Rfe8 15. Qc1
Bb5 16. Bc4 e5 17. fxe5 dxe5 18. d3 Bxc4 19. bxc4 Bh6 20. Qe1 Ng4 21. e4 Bg7 22.
Rb1 Re7 23. Rb6 h5 24. Qa1 Ne3 25. Rf2 Ng4 26. Rf1 Rce8 27. Qb2 Bh6 28. h3 Be3+
29. Kh1 f5 30. hxg4 hxg4 31. Rxg6+ Kf7 32. Nh4 Bf4 33. Bxe5 Rxe5 34. Rxf4 1-0

[Event "Moscow Open A 2015"]
[Site "Moscow RUS"]
[Date "2015.02.05"]
[Round "6.92"]
[White "Mezentsev, Ivan"]
[Black "Sysoev, Vjacheslav"]
[Result "1/2-1/2"]
[BlackTitle "FM"]
[WhiteElo "2078"]
[BlackElo "2306"]
[WhiteFideId "13706195"]
[BlackFideId "4198689"]
[EventDate "2015.01.31"]

1. e4 d6 2. d4 Nf6 3. Nc3 g6 4. h3 Bg7 5. g3 Nc6 6. Nge2 O-O 7. Bg2 e5 8. Be3
exd4 9. Nxd4 Re8 10. O-O Ne5 11. Qe2 Ned7 12. Rad1 Nc5 13. Nc6 bxc6 14. Bxc5 a5
15. Rfe1 Ba6 16. Qf3 Nd7 17. Bd4 Ne5 18. Bxe5 Rxe5 19. Bf1 Bb7 20. Bc4 Qd7 21.
Kg2 Rae8 22. Re2 Bc8 23. Rh1 Rc5 24. Bb3 Ba6 25. Ree1 Bxc3 26. bxc3 Bb5 27. a4
Bc4 28. Rb1 Qe6 29. Rhe1 Re5 30. Bxc4 Qxc4 31. Rb7 R5e7 32. Ra1 Kg7 33. Ra7 Qc5
34. Rb7 Qe5 35. Rab1 Rf8 36. Ra7 f5 37. exf5 Rxf5 38. Qd3 c5 39. Rxa5 Ref7 40.
f4 Qe6 41. c4 g5 42. Qc3+ Kh6 43. Re1 Qg6 44. fxg5+ Qxg5 45. Re6+ R7f6 46. Rxf6+
Rxf6 47. h4 Qf5 48. Qe3+ Kg6 49. Qg5+ Qxg5 50. hxg5 Re6 51. Kf3 Re1 52. Ra7 Rc1
53. Rxc7 Rxc2 54. Rc6 Kxg5 55. Rxd6 Rc3+ 56. Kf2 Rxc4 57. Rd7 Rxa4 58. Rd5+ Kg4
59. Rxc5 Ra2+ 60. Kg1 Ra3 61. Kh2 1/2-1/2

[Event "Moscow Open A 2015"]
[Site "Moscow RUS"]
[Date "2015.02.05"]
[Round "6.93"]
[White "Amangeldiyev, Gurbangeldi, "]
[Black "Geivondian, Arman"]
[Result "0-1"]
[WhiteElo "2153"]
[BlackElo "2304"]
[WhiteFideId "14002302"]
[BlackFideId "24102032"]
[EventDate "2015.01.31"]

1. d4 Nf6 2. c4 c5 3. e3 g6 4. Nc3 Bg7 5. Nf3 O-O 6. Be2 cxd4 7. exd4 d5 8. O-O
Nc6 9. h3 Bf5 10. Be3 dxc4 11. Bxc4 Ne4 12. Rc1 Nxc3 13. bxc3 Be4 14. Be2 e5 15.
Bg5 Qd7 16. dxe5 Qf5 17. Qd2 Nxe5 18. Nd4 Qd7 19. f3 Bd5 20. c4 Bc6 21. Be3 Rfd8
22. Rfd1 Ba4 23. Nb3 Qe7 24. Qe1 Qa3 25. Rxd8+ Rxd8 26. Rd1 Re8 27. Qd2 Bxb3 28.
axb3 Nc6 29. Rb1 Rxe3 0-1

[Event "Moscow Open A 2015"]
[Site "Moscow RUS"]
[Date "2015.02.05"]
[Round "6.94"]
[White "Shapkin, Anatoliy"]
[Black "Tillyaev, Ulugbek"]
[Result "0-1"]
[BlackTitle "FM"]
[WhiteElo "2236"]
[BlackElo "2404"]
[WhiteFideId "34108332"]
[BlackFideId "14202441"]
[EventDate "2015.01.31"]

1. d4 d5 2. c4 e6 3. Nf3 c6 4. Nbd2 Nf6 5. g3 Nbd7 6. Bg2 Be7 7. O-O O-O 8. Qc2
b6 9. e4 dxe4 10. Nxe4 Nxe4 11. Qxe4 Bb7 12. Rd1 Qc8 13. Qe2 Re8 14. b3 c5 15.
Bb2 Bf6 16. dxc5 Bxb2 17. Qxb2 Nxc5 18. Qe2 e5 19. b4 Ne4 20. Rac1 a5 21. a3
axb4 22. axb4 h6 23. Nd2 Ng5 24. Ne4 Bxe4 25. Bxe4 Ra4 26. b5 Ra3 27. Bc6 e4 28.
Bxe8 Qh3 29. Rd8 Kh7 30. f4 exf3 31. Qc2+ f5 32. Bc6 Rc3 33. Rd2 Rxc2 34. Rdxc2
Qg4 35. Kh1 Qd4 36. c5 Ne6 37. cxb6 Qxb6 38. Rf1 Nd4 39. Rcf2 Qc5 40. Bxf3 Qxb5
41. Bg2 Qd3 42. Bh3 g6 43. Bg2 h5 44. Re1 Nc2 45. Rc1 Ne3 46. Bf3 Kh6 47. Kg1
Qd4 48. Re1 Nc4 49. Kg2 Ne3+ 50. Kh1 Qc3 51. Rg1 Nc4 52. Bg2 Qe3 53. Rc2 Ne5 54.
Rf1 Qd4 55. Re2 Kg7 56. Rfe1 Nd3 57. Rf1 h4 58. gxh4 Qxh4 59. Ba8 Kf6 60. Bb7
Qc4 61. Bg2 Ne5 62. Rfe1 Nd3 63. Rf1 Qh4 64. Bb7 Ne5 65. Ba8 Ng4 66. Bf3 Qh3 67.
Kg1 Ne5 68. Ba8 Qg4+ 69. Rg2 Qd4+ 70. Kh1 Qa4 71. Bd5 Ng4 72. Re2 Qb5 73. Bf3
Ne5 74. Ref2 Qd3 75. Bg2 Ng4 76. Ra2 Ne3 77. Rfa1 f4 78. Rf2 g5 79. Rfa2 g4 80.
Rf2 Kg5 81. Rg1 Qd4 82. Ba8 Kh4 83. Ra2 Nd1 84. Ra6 Nf2+ 85. Kg2 Qd2 86. Rf1 Qd3
87. Rh6+ Kg5 88. Rxf2 Kxh6 89. Rxf4 Qh3+ 90. Kg1 g3 91. Bg2 Qxh2+ 92. Kf1 Kg5
93. Ra4 Qh7 94. Ra5+ Kf6 95. Ra6+ Ke5 96. Ra5+ Kd4 97. Ra4+ Kc3 98. Ra3+ Kb4 99.
Ra1 Qd3+ 0-1

[Event "Moscow Open A 2015"]
[Site "Moscow RUS"]
[Date "2015.02.05"]
[Round "6.95"]
[White "Maksimov, Dmitri"]
[Black "Zenin, Dmitri"]
[Result "1/2-1/2"]
[WhiteElo "2204"]
[BlackElo "2381"]
[WhiteFideId "24162477"]
[BlackFideId "4127897"]
[EventDate "2015.01.31"]

1. e4 e5 2. Nf3 Nc6 3. Nc3 Nf6 4. d4 Bb4 5. d5 Ne7 6. Nxe5 Nxe4 7. Qd4 Bxc3+ 8.
bxc3 Nd6 9. Bd3 O-O 10. O-O Ndf5 11. Qe4 d6 12. Nf3 Ng6 13. Re1 Bd7 14. Qb4 Qc8
15. c4 b6 16. Bb2 Re8 17. Rxe8+ Qxe8 18. Re1 Qf8 19. Qc3 Rd8 20. Bxf5 Bxf5 21.
Nd4 Bd7 22. Nb5 Bxb5 23. cxb5 Rc8 24. Qc6 Qd8 25. Qc3 f6 26. Qh3 Nf8 27. Re4 Qd7
28. Qxd7 Nxd7 29. Ra4 Ra8 30. Ba3 Kf7 31. Rc4 Nc5 32. Bxc5 dxc5 33. Ra4 Ke7 34.
f4 Kd6 35. c4 Re8 36. Kf2 Re4 37. Kf3 Rd4 38. h4 h5 39. Ke3 f5 40. g3 Kd7 41. a3
Kd6 42. Kf3 Rd3+ 43. Kf2 Rc3 44. Kg2 Rc2+ 1/2-1/2

[Event "Moscow Open A 2015"]
[Site "Moscow RUS"]
[Date "2015.02.05"]
[Round "6.96"]
[White "Savenkov, Konstantin"]
[Black "Mukhitdinov, Akmalkhon"]
[Result "1-0"]
[WhiteTitle "FM"]
[WhiteElo "2363"]
[BlackElo "2218"]
[WhiteFideId "4138600"]
[BlackFideId "24150851"]
[EventDate "2015.01.31"]

1. e4 c5 2. Nf3 Nc6 3. Bb5 e6 4. Bxc6 bxc6 5. d3 Ne7 6. Qe2 d5 7. b3 Ng6 8. e5
Be7 9. Bb2 Nf4 10. Qf1 O-O 11. Nbd2 f6 12. O-O-O d4 13. Nc4 f5 14. g3 Nd5 15. h4
Bd7 16. Qe2 Be8 17. h5 Bf7 18. Nfd2 Qd7 19. f4 g5 20. hxg6 Bxg6 21. Rh6 Rf7 22.
Nd6 Bxd6 23. exd6 Ne3 24. Rdh1 Qxd6 25. Rxg6+ hxg6 26. Qxe3 Rh7 27. Qf3 Rxh1+
28. Qxh1 Kg7 29. Nc4 Qd5 30. Qh4 Re8 31. Ba3 a5 32. Ne5 c4 33. Be7 1-0